Quizzes
Events
Quiz Creation
Community
Videos
Private Events
Remove Ads
Sign In
Join for FREE
Feedback
Dark Mode
Quiz Categories
Sports
Geography
Music
Movies
Television
Just For Fun
Miscellaneous
History
Literature
Language
Science
Gaming
Entertainment
Religion
Holiday
For Kids
Quiz Lab
Recent
Popular Today
Quiz Kudos Today
Editor Picks
Curator Picks
Quizzes by...
Day
Popularity
Type
Ratings
Length
Year
Community
Subscriptions
Recent Discussions
Orange Saloon
Badges
Playlists
Quests
Create
Leaderboards
Showdown
Live 5
Trivia Bingo
Activity
Puzzle Library
Sporcle Events
Private Events
Virtual Trivia
Globe League
Become a Host
Pub Owners
SporcleCon
Opinionation
Our Games
Videos
Blog
Mobile Apps
Partnerships
Remove Ads and Go Orange
Feedback
Religion
Mythology
Religious Music
World Religions
Bible
Christianity
Catholicism
Judaism
Church
Scripture
Islam
Verse
Religion
Mythology
Religious Music
World Religions
Bible
Christianity
Catholicism
Judaism
Church
Scripture
Islam
Verse
Random Quiz
Search Sporcle
×
Curator Pick
Curator Pick
Religion
Bible
Select answers by clicking on text or image buttons
Select answers by clicking on text or image buttons
Clickable
Best Score? Go Orange.
Bible books by hashtag Stats
Can you pick the Bible books by the hashtag
By
breaker88
5m
20 Questions
313 Plays
313 Plays
313 Plays
Comments
Comments
Give Quiz Kudos
Give Quiz Kudos
-
- Ratings
hide this ad
Forced Order
Answers have to be entered in order
Answers have to be entered in order
Random Order
Randomize order of answers
Randomize order of answers
Replay
Link that replays current quiz
Next Quiz
Link to next quiz in quiz playlist
You Got
0%
They Got
Avg Score
60%
Avg Friend Score
Upgrade to see
Score Distribution
Jump to the score distribution portion of the page
Score
0/20
Timer
05:00
0
Plays Today
% Correct
Revelation
93.3%
Genesis
88.8%
Daniel
87.5%
Joshua
74.8%
Jonah
73.8%
Acts
71.9%
Proverbs
66.1%
Song of Solomon
64.9%
Romans
62.6%
1 Samuel
60.4%
% Correct
Nehemiah
60.4%
Kings (1 & 2)
56.2%
John
53%
Exodus
49.8%
Job
49.2%
Psalms
45%
James
43.8%
Leviticus
42.5%
Philemon
34.8%
Esther
26.8%
Quiz Playlist
Details
Report
Send in Message
Add To Playlist
Clickable:
Select answers by clicking on text or image buttons
Forced Order:
Answers have to be entered in order
Random Order:
Randomize order of answers
Last Updated: Apr 29, 2017
Curator Pick in
Bible
Quiz Scoreboard
CHALLENGE
Sign Up to Join the Scoreboard
Show All
Scores
Hide
Comments
May contain spoilers
Recently Published
NBA Finals Game Top Scorers (2010s)
by flibbidy
Sports
5m
Guess the 'R' Things in 3 Words
by MSUKent
Miscellaneous
3m
Actor to Badly Drawn Movie III
by MoMosMoProblems
Movies
5m
More to Explore
Quiz From the Vault
Featured Blog Post
Where Does Lost Luggage Go?
hide this ad
You Might Also Like...
Tags
Bible Quiz
Book Quiz
Clickable Quiz
Today's Top Quizzes in Religion
Browse Religion
hide this ad
Today's Top Quizzes in Bible
Browse Bible
Top Contributed Quizzes in Religion
1
Is dougdoug?
2
Bible Books Spelling Bee
3
4-to-1 Blitz: The Bible
4
Quick Pick: Bible Books
5
Order Up: Labors of Hercules
6
Ramadan Roundup
7
Greek Mythology 7-to-1
8
Bible Figures by Group
9
Order Up: Plagues of Egypt
10
Best Gospel Album Grammy Winners
Explore More
Trending Topics
Crossword
Marvel
NBA
Harry Potter
Kpop
Anime
Disney
NFL
Country
Pokémon
Soccer
The Office
Song
Puzzle
WWE
hide this ad
More By:
breaker88
Quiz
Plays
Rating
Category
Featured
Created
Year in Sports: 2013
2,678
3.54
Sports
Dec 15, 2013
Bible books by hashtag
313
4.10
Religion
Oct 30, 2013
And the last shall be first...
210
4.89
Religion
Apr 21, 2013
Year in Sports: 2012
192
5.00
Sports
Oct 31, 2013
Sharks on Shark Tank
133
4.00
Television
Apr 19, 2013
Go to Creator's Profile
Score Distribution
Quiz Creator Spotlight
breaker88
Follow
Send a Message
Quizzes Created
-
Created Quiz Play Count
-
More By This Creator
Popular Quizzes Today
1
Find the US States - No Outlines Minefield
2
Find the US States
3
The Countries of the World
4
10 Largest US States in Order
5
Find the Countries of Europe - No Outlines Minefield
6
US States
7
Guess the 'R' Things in 3 Words
8
NBA Finals Game Top Scorers (2010s)
More Religion Quizzes
🎼 The Lord Is My Shepherd 🎶
Editor's Pick
Trending Quizzes
First Name TV: Leading Men
First Name TV: Leading Women Drama
Match the Book to the Film II
3-Word Movies in 1 Word II
Match the Book to the Film VI
Recently Updated
Women's Final Four Teams by Year
bhenderson79
Presidents Quartet II
eogle
Anything But Clue(do)
eogle
Anything But Oceanian Capitals
eogle
Anything But 7
eogle
Anything But Thing
eogle
Word Ladder: February 29
pecheneg
Song Title Questions
pecheneg
Women's NCAA Tournament #1 Seeds
pecheneg
Celebrity Mug Shots
pecheneg
Trending Topics
Kpop
Anime
NBA
Marvel
Disney
Harry Potter
Crossword
WWE
NFL
Country
Song
The Office
Soccer
Pokémon
Puzzle
Your Account Isn't Verified!
In order to create a playlist on Sporcle, you need to verify the email address you used during registration. Go to your
Sporcle Settings
to finish the process.
Report this User
Report this user for behavior that violates our
Community Guidelines
.
Details:
Send Report
Go to the Sporcle.com Mobile Site →
Comments